Leadership skills in the early years (Record no. 239822)
[ view plain ]
| 000 -LEADER | |
|---|---|
| fixed length control field | 01696nam a2200361 a 4500 |
| 082 04 - DEWEY DECIMAL CLASSIFICATION NUMBER | |
| Classification number | 372.12 |
| 100 1# - MAIN ENTRY--AUTHOR NAME | |
| Personal name | O'Sullivan, June. |
| 245 10 - TITLE STATEMENT | |
| Title | Leadership skills in the early years |
| 260 ## - PUBLICATION, DISTRIBUTION, ETC. (IMPRINT) | |
| Place of publication | London ; |
| -- | New York : |
| Name of publisher | Network Continuum, |
| Year of publication | c2009. |
| 300 ## - PHYSICAL DESCRIPTION | |
| Number of Pages | 170 p. |
| 505 0# - FORMATTED CONTENTS NOTE | |
| Formatted contents note | The journey to successful leadership -- Leadership know-how -- Leading change -- Overcoming leadership challenges -- Developing the pedagogical leader -- Leading to involve parents -- Developing new leaders -- The entrepreneurial leader : leading a childcare social enterprise -- Leading with your governors and trustees -- Leading the way forward. |
| 650 #0 - SUBJECT ADDED ENTRY--TOPICAL TERM | |
| Topical Term | Early childhood education |
| Topical Term | Children |
| Topical Term | Educational leadership. |
| 856 40 - ELECTRONIC LOCATION AND ACCESS | |
| Uniform Resource Identifier | http://site.ebrary.com/lib/rucke/Doc?id=10427049 |
No items available.
